Report of the Commission of Inquiry into Appropriate Agricultural Land Tenure Systems / (Record no. 130101)
[ view plain ]
| 000 -LEADER | |
|---|---|
| fixed length control field | 01346nam a2200337 a 4500 |
| 001 - CONTROL NUMBER | |
| control field | 3050371 |
| 003 - CONTROL NUMBER IDENTIFIER | |
| control field | ARRUPE |
| 005 - DATE AND TIME OF LATEST TRANSACTION | |
| control field | 20191203095043.0 |
| 008 - FIXED-LENGTH DATA ELEMENTS--GENERAL INFORMATION | |
| fixed length control field | 951124s1994 rh a bs f000 0 eng |
| 010 ## - LIBRARY OF CONGRESS CONTROL NUMBER | |
| LC control number | 95981837 |
| 040 ## - CATALOGING SOURCE | |
| Original cataloging agency | DLC |
| Transcribing agency | DLC |
| 041 0# - LANGUAGE CODE | |
| Language code of text/sound track or separate title | engndesho |
| 042 ## - AUTHENTICATION CODE | |
| Authentication code | lcode |
| 043 ## - GEOGRAPHIC AREA CODE | |
| Geographic area code | f-rh--- |
| 050 00 - LIBRARY OF CONGRESS CALL NUMBER | |
| Classification number | HD1333.Z56 |
| Item number | R425 1994 |
| 300 ## - PHYSICAL DESCRIPTION | |
| Other physical details | ill. ; |
| Dimensions | 30 cm. |
| 110 1# - MAIN ENTRY--CORPORATE NAME | |
| Corporate name or jurisdiction name as entry element | Zimbabwe. |
| Subordinate unit | Commission of Inquiry into Appropriate Agricultural Land Tenure Systems. |
| 9 (RLIN) | 48863 |
| 245 10 - TITLE STATEMENT | |
| Title | Report of the Commission of Inquiry into Appropriate Agricultural Land Tenure Systems / |
| Statement of responsibility, etc | under the chairmanship of Mandivamba Rukuni. |
| Remainder of title | Mandivamba Rukuni (ch) |
| 260 ## - PUBLICATION, DISTRIBUTION, ETC. (IMPRINT) | |
| Place of publication, distribution, etc | Harare : |
| Name of publisher, distributor, etc | The Commission, |
| Date of publication, distribution, etc | [1994] |
| 300 ## - PHYSICAL DESCRIPTION | |
| Extent | 2 v. : |
| 500 ## - GENERAL NOTE | |
| General note | "October 1994." |
| 500 ## - GENERAL NOTE | |
| General note | "15 November 1994"--Vol. 1, t.p. verso. |
| 500 ## - GENERAL NOTE | |
| General note | "To His Excellency the President of the Republic of Zimbabwe." |
| 504 ## - BIBLIOGRAPHY, ETC. NOTE | |
| Bibliography, etc | Includes bibliographical references. |
| 505 0# - FORMATTED CONTENTS NOTE | |
| Formatted contents note | v. 1. Main report -- v. 2. Technical reports -- v. 3. Methods, procedures, itinerary, and appendices. |
| 650 #0 - SUBJECT ADDED ENTRY--TOPICAL TERM | |
| Topical term or geographic name as entry element | Land tenure |
| Geographic subdivision | Zimbabwe. |
| 9 (RLIN) | 11112 |
| 650 #0 - SUBJECT ADDED ENTRY--TOPICAL TERM | |
| Topical term or geographic name as entry element | Farm tenancy |
| Geographic subdivision | Zimbabwe. |
| 9 (RLIN) | 48864 |
| 700 1# - ADDED ENTRY--PERSONAL NAME | |
| Personal name | Rukuni, Mandivamba. |
| 9 (RLIN) | 17135 |
| 906 ## - LOCAL DATA ELEMENT F, LDF (RLIN) | |
| a | 7 |
| b | cbc |
| c | origode |
| d | 2 |
| e | ncip |
| f | 19 |
| g | y-gencatlg |
| 942 ## - ADDED ENTRY ELEMENTS (KOHA) | |
| Source of classification or shelving scheme | Library of Congress Classification |
| Koha item type | Monograph ( Printed materials) |
| Withdrawn status | Lost status | Source of classification or shelving scheme | Damaged status | Not for loan | Collection code | Home library | Current library | Shelving location | Date acquired | Total Checkouts | Full call number | Barcode | Date last seen | Price effective from | Koha item type |
|---|---|---|---|---|---|---|---|---|---|---|---|---|---|---|---|
| Library of Congress Classification | Main Collection | ARRUPE LIBRARY | ARRUPE LIBRARY | Main Collection | 03/12/2019 | HD1333.Z56 R425 1994 | 46600006219 | 03/12/2019 | 03/12/2019 | Monograph ( Printed materials) | |||||
| Library of Congress Classification | Main Collection | ARRUPE LIBRARY | ARRUPE LIBRARY | Main Collection | 03/12/2019 | HD1333.Z56 R425 1994 | 46600006222 | 03/12/2019 | 03/12/2019 | Monograph ( Printed materials) |